[Event "DSOL 05 Liga Gr-B 1st"]
[Site "Playchess.com INT"]
[Date "2020.06.26"]
[Round "1.4"]
[White "Dohm Acker, Erwin"]
[Black "Binder, Kurt"]
[Result "0-1"]
[WhiteElo "1397"]
[BlackElo "1361"]
[PlyCount "70"]
[EventDate "2020.06.22"]
[EventType "team-tourn (rapid)"]
[EventCountry "GER"]
[SourceTitle "EXT 2021"]
[Source "ChessBase"]
[SourceDate "2020.10.23"]
[SourceVersion "1"]
[SourceVersionDate "2020.10.23"]
[SourceQuality "1"]
[WhiteTeam "Radolfzell"]
[BlackTeam "Ingolstadt"]
[WhiteTeamCountry "GER"]
[BlackTeamCountry "GER"]

1. Nf3 Nf6 2. d4 e6 3. a3 Be7 4. b4 0-0 5. c4 a5 6. b5 c6 7. a4 cxb5 8. axb5 d5 9. c5 Nbd7 10. e3 Re8 11. Bb2 e5 12. h3 exd4 13. Bxd4 Nxc5 14. Nbd2 Bf5 15. Nb3 Nxb3 16. Qxb3 Ne4 17. Bd3 Bb4+ 18. Ke2 Nc5 19. Bxc5 Bxd3+ 20. Qxd3 Bxc5 21. Ra4 b6 22. Rd1 Qf6 23. Qxd5 Qb2+ 24. Qd2 Qxb5+ 25. Qd3 Qxa4 26. Ng5 Qh4 27. Qf5 Ra7 28. Rd7 Rxd7 29. Qxd7 Qc4+ 30. Kf3 Ra8 31. Qc6 Rd8 32. Qc7 Qd5+ 33. Ne4 f5 34. Qf4 Bd6 35. Qh4 Qd1# 0-1

[Event "GER Cup Net Final-C U1600"]
[Site "Playchess.com INT"]
[Date "2020.06.06"]
[Round "4"]
[White "Dohm Acker, Erwin"]
[Black "Schell, Andreas"]
[Result "1-0"]
[WhiteElo "1415"]
[BlackElo "1502"]
[PlyCount "59"]
[EventDate "2020.06.06"]
[EventType "swiss (blitz)"]
[EventRounds "13"]
[EventCountry "GER"]
[SourceTitle "CBM 197 Extra"]
[Source "ChessBase"]
[SourceDate "2020.09.30"]
[SourceVersion "1"]
[SourceVersionDate "2020.09.30"]
[SourceQuality "1"]

1. Nf3 d5 2. d4 g6 3. e3 Bg7 4. c4 e6 5. c5 Ne7 6. b4 b6 7. Bb2 Nd7 8. Bd3 Nc6 9. a3 0-0 10. b5 Na5 11. Bc3 bxc5 12. Bxa5 cxd4 13. Nxd4 Nc5 14. Bb4 Nxd3+ 15. Qxd3 Bb7 16. Bxf8 Bxf8 17. 0-0 c5 18. Nc6 Bxc6 19. bxc6 c4 20. Qc2 Qc7 21. Qa4 Rc8 22. Ra2 Bc5 23. Nc3 Qxc6 24. Qxc6 Rxc6 25. a4 Bb4 26. Nb5 a6 27. Na3 c3 28. Nc2 e5 29. Nxb4 Rc4 30. Nxd5 1-0

[Event "GER Cup Net Final-C U1600"]
[Site "Playchess.com INT"]
[Date "2020.06.06"]
[Round "8"]
[White "Hoffmann, Peter1111"]
[Black "Dohm Acker, Erwin"]
[Result "1-0"]
[WhiteElo "1485"]
[BlackElo "1452"]
[PlyCount "77"]
[EventDate "2020.06.06"]
[EventType "swiss (blitz)"]
[EventRounds "13"]
[EventCountry "GER"]
[SourceTitle "CBM 197 Extra"]
[Source "ChessBase"]
[SourceDate "2020.09.30"]
[SourceVersion "1"]
[SourceVersionDate "2020.09.30"]
[SourceQuality "1"]

1. d4 Nf6 2. Nf3 h6 3. c4 e6 4. Nc3 Bb4 5. e3 Ne4 6. Bd2 Nxc3 7. Bxc3 Bxc3+ 8. bxc3 0-0 9. Bd3 b6 10. 0-0 Bb7 11. Bc2 f5 12. d5 c5 13. e4 fxe4 14. Bxe4 d6 15. Qc2 exd5 16. cxd5 Nd7 17. c4 Nf6 18. Bg6 Ng4 19. h3 Ne5 20. Nxe5 dxe5 21. Rfe1 Qd6 22. Re3 Rf6 23. Be4 Bc8 24. Rae1 Bd7 25. Qd3 Raf8 26. Rf3 Rxf3 27. Bxf3 Bf5 28. Be4 Qf6 29. Bxf5 Qxf5 30. Qxf5 Rxf5 31. f3 Kf7 32. Kf2 Ke7 33. g3 Kd6 34. Ke3 g5 35. g4 Rf4 36. Rc1 Rd4 37. Rc2 Rd1 38. Rd2 Re1+ 39. Kf2 1-0

[Event "GER Cup Net Final-C U1600"]
[Site "Playchess.com INT"]
[Date "2020.06.06"]
[Round "5"]
[White "Radeke, Rico"]
[Black "Dohm Acker, Erwin"]
[Result "1-0"]
[WhiteElo "1492"]
[BlackElo "1435"]
[PlyCount "55"]
[EventDate "2020.06.06"]
[EventType "swiss (blitz)"]
[EventRounds "13"]
[EventCountry "GER"]
[SourceTitle "CBM 197 Extra"]
[Source "ChessBase"]
[SourceDate "2020.09.30"]
[SourceVersion "1"]
[SourceVersionDate "2020.09.30"]
[SourceQuality "1"]

1. d4 Nf6 2. c4 e6 3. Nc3 Bb4 4. Bd2 0-0 5. Nf3 h6 6. e3 d6 7. a3 Bxc3 8. Bxc3 Nbd7 9. Bd3 b6 10. 0-0 Bb7 11. b4 c5 12. dxc5 bxc5 13. b5 a6 14. a4 Ne4 15. Bb2 a5 16. Qc2 Nef6 17. Bc3 Bxf3 18. gxf3 Nh5 19. f4 f5 20. Kh1 Nhf6 21. Rg1 Rf7 22. Rg2 d5 23. Rag1 dxc4 24. Bxc4 Qe7 25. Qb3 Nb6 26. Bxe6 Ne4 27. Rxg7+ Kf8 28. Rg8# 1-0

[Event "GER Cup Net V4 U1600"]
[Site "Playchess.com INT"]
[Date "2020.05.31"]
[Round "7"]
[White "Dohm Acker, Erwin"]
[Black "Steimle, Markus"]
[Result "1-0"]
[WhiteElo "1424"]
[BlackElo "1282"]
[PlyCount "157"]
[EventDate "2020.05.31"]
[EventType "swiss (blitz)"]
[EventRounds "9"]
[EventCountry "GER"]
[SourceTitle "EXT 2021"]
[Source "ChessBase"]
[SourceDate "2020.10.23"]
[SourceVersion "1"]
[SourceVersionDate "2020.10.23"]
[SourceQuality "1"]

1. Nf3 e6 2. d4 d5 3. e3 Nf6 4. a3 c5 5. dxc5 Bxc5 6. b4 Bd6 7. c4 dxc4 8. Bxc4 0-0 9. 0-0 Nc6 10. Bb2 h6 11. Nbd2 Be7 12. Nd4 Bd7 13. Bb5 Nxd4 14. Bxd7 Qxd7 15. Bxd4 b6 16. Nc4 Rac8 17. Ne5 Qc7 18. Qc1 Rfd8 19. Qxc7 Rxc7 20. Rac1 Rdc8 21. Bb2 Ne4 22. Rxc7 Rxc7 23. Rc1 Rxc1+ 24. Bxc1 Bf6 25. Nd7 Kh7 26. f3 Nd6 27. Nxf6+ gxf6 28. Bb2 e5 29. Kf2 Nc4 30. Bc1 Kg6 31. g4 f5 32. Kg3 fxg4 33. Kxg4 f5+ 34. Kg3 h5 35. f4 e4 36. Kf2 b5 37. h4 a6 38. Ke2 Kf6 39. Kd1 Ke6 40. Kc2 Kd5 41. Kb3 Nd6 42. Kc3 Ne8 43. Bd2 Nf6 44. Kb3 Ng4 45. a4 bxa4+ 46. Kxa4 Nf2 47. Ka5 Nd3 48. Kxa6 Kc6 49. b5+ Kc7 50. Ba5+ Kb8 51. Bb6 Nb4+ 52. Ka5 Nd5 53. Bd4 Kb7 54. Bc5 Nc7 55. Bd6 Ne6 56. Be5 Nd8 57. Bd4 Ne6 58. b6 Nd8 59. Be5 Nc6+ 60. Kb5 Nd8 61. Bc7 Ne6 62. Kc4 Nf8 63. Kd5 Ng6 64. Bd8 Nf8 65. Ke5 Kc8 66. Bc7 Nd7+ 67. Kxf5 Kb7 68. Kxe4 Nxb6 69. Bxb6 Kxb6 70. Ke5 Kc7 71. Ke6 Kd8 72. f5 Ke8 73. f6 Kf8 74. e4 Ke8 75. Kf5 Kf7 76. e5 Kf8 77. Kg5 Kf7 78. Kxh5 Kf8 79. Kg6 1-0

[Event "GER Cup Net V3 U1600"]
[Site "Playchess.com INT"]
[Date "2020.05.27"]
[Round "4"]
[White "Dohm Acker, Erwin"]
[Black "Radeke, Rico"]
[Result "0-1"]
[WhiteElo "1299"]
[BlackElo "1492"]
[PlyCount "98"]
[EventDate "2020.05.27"]
[EventType "swiss (blitz)"]
[EventRounds "9"]
[EventCountry "GER"]
[SourceTitle "EXT 2021"]
[Source "ChessBase"]
[SourceDate "2020.10.23"]
[SourceVersion "1"]
[SourceVersionDate "2020.10.23"]
[SourceQuality "1"]

1. Nf3 c5 2. c4 d6 3. e4 Nc6 4. d3 Nf6 5. Be2 g6 6. a3 Bg7 7. Bd2 0-0 8. Nc3 a6 9. Rb1 Rb8 10. Nd5 Nxd5 11. exd5 Ne5 12. b4 Bg4 13. h3 Nxf3+ 14. Bxf3 Bxf3 15. Qxf3 b6 16. a4 a5 17. b5 Qd7 18. 0-0 Rbe8 19. Rfe1 e6 20. Rb3 exd5 21. Qxd5 Rxe1+ 22. Bxe1 Re8 23. Rb1 Bd4 24. Qf3 Re6 25. Bd2 Qe7 26. Bh6 Re2 27. Qa8+ Qe8 28. Qf3 Rxf2 29. Qxf2 Bxf2+ 30. Kxf2 Qe5 31. Re1 Qb2+ 32. Kg1 Qd4+ 33. Kh1 f5 34. Re8+ Kf7 35. Rb8 Qxd3 36. Rxb6 Qxc4 37. Rxd6 Qxa4 38. Rd7+ Ke6 39. Rb7 Qd1+ 40. Kh2 c4 41. b6 c3 42. Rc7 Qd6+ 43. Kh1 c2 44. Be3 Qd1+ 45. Kh2 Qd6+ 46. Kh1 f4 47. Bf2 Qd1+ 48. Kh2 c1Q 49. Rxc1 Qxc1 0-1

[Event "GER Cup Net V3 U1600"]
[Site "Playchess.com INT"]
[Date "2020.05.27"]
[Round "1"]
[White "Roemer, Alois"]
[Black "Dohm Acker, Erwin"]
[Result "1-0"]
[WhiteElo "1567"]
[BlackElo "1299"]
[PlyCount "67"]
[EventDate "2020.05.27"]
[EventType "swiss (blitz)"]
[EventRounds "9"]
[EventCountry "GER"]
[SourceTitle "EXT 2021"]
[Source "ChessBase"]
[SourceDate "2020.10.23"]
[SourceVersion "1"]
[SourceVersionDate "2020.10.23"]
[SourceQuality "1"]

1. e4 c5 2. d4 cxd4 3. c3 Nc6 4. Nf3 dxc3 5. bxc3 e6 6. Bc4 Be7 7. 0-0 h6 8. Bf4 a6 9. Qe2 Nf6 10. Rd1 0-0 11. Nbd2 b5 12. Bb3 Bc5 13. c4 Bb7 14. cxb5 Nb4 15. bxa6 Bxa6 16. Bc4 Nc2 17. Rac1 Bxc4 18. Qxc4 Nb4 19. Qxc5 Nxa2 20. Rb1 Qa5 21. Qxa5 Rxa5 22. Rb3 Raa8 23. Nc4 Nxe4 24. h3 g5 25. Bd6 Rfc8 26. Nce5 Nxd6 27. Rxd6 Nc1 28. Rb2 Na2 29. Rxd7 Nc3 30. Rxf7 Ra5 31. Rf6 Nd5 32. Rxe6 Nf4 33. Rxh6 Kg7 34. Rd6 1-0

[Event "GER-ch Net Amateur Gr-C Vor3"]
[Site "Playchess.com INT"]
[Date "2020.04.16"]
[Round "8"]
[White "Fuhrmann, Berndt"]
[Black "Dohm Acker, Erwin"]
[Result "0-1"]
[WhiteElo "1123"]
[BlackElo "1172"]
[PlyCount "108"]
[EventDate "2020.04.16"]
[EventType "swiss (blitz)"]
[EventRounds "9"]
[EventCountry "GER"]
[SourceTitle "CBM 195 Extra"]
[Source "ChessBase"]
[SourceDate "2020.05.31"]
[SourceVersion "1"]
[SourceVersionDate "2020.05.31"]
[SourceQuality "1"]

1. e4 c5 2. Nf3 Nc6 3. Bb5 a6 4. Bxc6 b6 5. Bxa8 e6 6. e5 d5 7. c4 Qc7 8. cxd5 Qb8 9. Bc6+ Bd7 10. Bxd7+ Kxd7 11. dxe6+ fxe6 12. d3 h6 13. d4 Ke8 14. dxc5 Bxc5 15. 0-0 Ne7 16. Be3 Kf7 17. b3 Rd8 18. Qc2 Kg8 19. Bxh6 gxh6 20. Nc3 Nf5 21. g4 Nd4 22. Qg6+ Kf8 23. Qxh6+ Kg8 24. Ng5 Qc7 25. Qxe6+ Nxe6 26. Nxe6 Rd3 27. Nxc7 Rxc3 28. Rac1 Bd4 29. Rxc3 Bxc3 30. Rd1 Bxe5 31. Rd8+ Kf7 32. Rd7+ Kf8 33. Ne6+ Ke8 34. Rd8+ Ke7 35. Rd5 Kxe6 36. Rd1 Bf4 37. Re1+ Kd5 38. Rd1+ Kc5 39. Rc1+ Bxc1 40. Kg2 Ba3 41. f4 Kd5 42. g5 Ke6 43. g6 Bb2 44. f5+ Kxf5 45. g7 Bxg7 46. h4 Bh6 47. Kg3 Bf4+ 48. Kf3 a5 49. h5 b5 50. Ke2 Kg5 51. Kd3 Kxh5 52. Kc3 b4+ 53. Kc4 Bd2 54. a4 Bg5 0-1

[Event "GER-ch Net Amateur Gr-C Vor3"]
[Site "Playchess.com INT"]
[Date "2020.04.16"]
[Round "2"]
[White "Kauschanski, Nicolas"]
[Black "Dohm Acker, Erwin"]
[Result "1-0"]
[WhiteElo "1421"]
[BlackElo "1212"]
[PlyCount "77"]
[EventDate "2020.04.16"]
[EventType "swiss (blitz)"]
[EventRounds "9"]
[EventCountry "GER"]
[SourceTitle "CBM 195 Extra"]
[Source "ChessBase"]
[SourceDate "2020.05.31"]
[SourceVersion "1"]
[SourceVersionDate "2020.05.31"]
[SourceQuality "1"]

1. d4 e6 2. Bf4 Nf6 3. Nf3 d5 4. e3 a6 5. Bd3 c5 6. c4 cxd4 7. Nxd4 Bc5 8. Nd2 0-0 9. N2f3 dxc4 10. Bxc4 Nbd7 11. Bd3 Bb4+ 12. Nd2 Nd5 13. Bg3 Nc5 14. Qc2 Qa5 15. Bxh7+ Kh8 16. Bd3 Nxd3+ 17. Qxd3 Bxd2+ 18. Qxd2 Qxd2+ 19. Kxd2 Bd7 20. Rhd1 Bb5 21. Ke1 Nf6 22. a4 Be8 23. Kf1 Ne4 24. Kg1 Nxg3 25. hxg3 Rc8 26. Rdc1 Bd7 27. b3 Rxc1+ 28. Rxc1 Rc8 29. Rd1 Rc7 30. Nf3 Bc6 31. Ne5 Kg8 32. Nf3 f6 33. Nd4 Kf7 34. Nxc6 bxc6 35. Rc1 Ke7 36. Kh2 g5 37. g4 e5 38. Kg3 Ke6 39. e4 1-0

[Event "GER-ch Net Amateur Gr-C Vor1"]
[Site "Playchess.com INT"]
[Date "2020.04.14"]
[Round "4"]
[White "Dohm Acker, Erwin"]
[Black "Bone, Franziska"]
[Result "0-1"]
[WhiteElo "1232"]
[BlackElo "1620"]
[PlyCount "80"]
[EventDate "2020.04.14"]
[EventType "swiss (blitz)"]
[EventRounds "9"]
[EventCountry "GER"]
[SourceTitle "CBM 196 Extra"]
[Source "ChessBase"]
[SourceDate "2020.07.31"]
[SourceVersion "1"]
[SourceVersionDate "2020.07.31"]
[SourceQuality "1"]

1. Nf3 Nc6 2. d4 d5 3. e3 e6 4. a3 Bd6 5. c4 b6 6. b4 Be7 7. c5 Nf6 8. Nbd2 0-0 9. Bb2 Rb8 10. Bb5 Bd7 11. Bxc6 Bxc6 12. Ne5 Bd7 13. a4 bxc5 14. b5 a6 15. Nxd7 Qxd7 16. 0-0 axb5 17. axb5 Qxb5 18. Bc3 c4 19. Qc2 Bb4 20. Rfb1 c5 21. Rb2 cxd4 22. exd4 Rb7 23. Bxb4 Rfb8 24. Rab1 c3 25. Bxc3 Qd7 26. Nb3 Ne4 27. Nc5 Nxc5 28. dxc5 Rxb2 29. Rxb2 Rc8 30. Bd4 h6 31. Qb1 Qc7 32. Qc1 e5 33. Be3 d4 34. Bd2 Qa7 35. Rc2 Kh7 36. Rc4 Qc7 37. Qc2+ g6 38. Qc1 f5 39. Bxh6 Kh8 40. c6 Qd6 0-1